| 000 | 01234nac a22003011u 4500 | ||
|---|---|---|---|
| 003 | EG-ScBUE | ||
| 005 | 20221031125942.0 | ||
| 008 | 221031t1994 vaua f b 000 0 eng d | ||
| 020 | _a0813919231 (pbk. : alk. paper) | ||
| 040 |
_aEG-ScBUE _beng _erda _cEG-ScBUE _dEG-ScBUE |
||
| 082 | 0 | 4 |
_a720.97503 _bILL _222 |
| 245 | 0 | 3 |
_aAn illustrated glossary of early southern architecture and landscape / _cCarl R. Lounsbury, editor ; with editorial assistance by Vanessa E. Patrick ; prepared at the Colonial Williamsburg Foundation. |
| 264 |
_aCharlottesville ; _aLondon : _bUniversity Press of Virginia, _c[1994] |
||
| 264 | 4 | _cc1994 | |
| 300 |
_axiv, 430 pages : _billustrations ; _c26 cm |
||
| 336 |
_2rdacontent _atext _btxt |
||
| 337 |
_2rdamedia _aunmediated _bn |
||
| 338 |
_2rdacarrier _avolume _bnc |
||
| 500 | _aOriginally published: New York : Oxford University Press, 1994. | ||
| 504 | _aIncludes bibliographical references. | ||
| 650 | 7 |
_aArchitecture, Colonial _zSouthern States _xDictionaries. _2BUEsh |
|
| 653 | _bENGARC | ||
| 655 | _vReading book | ||
| 700 | 1 |
_aLounsbury, Carl, _eeditor. |
|
| 700 | 1 |
_aPatrick, Vanessa Elizabeth, _eeditor. |
|
| 710 | 2 |
_aColonial Williamsburg Foundation, _econtributor. |
|
| 942 |
_cBB _2ddc |
||
| 999 |
_c4759 _d4759 |
||